000 00507nam a2200181Ia 4500
005 20250508161434.0
008 008 250505s9999 xx 000 0 eng d
037 _aTextual
040 _aFEDL
_beng
_cFEDL
041 _aeng
_2eng
084 _a370954, IND
_qFEDL
245 0 _aAnnual report 1973-74
260 _aNew Delhi, India
_bMinistry of Education and Social Welfare
_c1974
300 _a188p.
650 _aEducation
942 _cTEXL
_h370954, IND
999 _c1369994
_d1369994